[Event "DSJ Weihnachtsturnier U20w 2020"]
[Site "https://play.chessbase.com/en/play?room=DSJWeihnachtU20w"]
[Date "2020.12.29"]
[Round "3"]
[White "Haug, Mara"]
[Black "Clarke-Griebsch, Elisa"]
[Result "1-0"]
[Termination "normal"]
[Board "9.3"]
[WhiteElo "1379"]
[BlackElo "966"]
[WhiteTeam "Karlsruher SF 1853"]
[BlackTeam "SC Garching 1980 2"]
[PlyCount "103"]
[WhiteFideId "16259300"]
[EventRounds "7"]
[EventType "team-swiss"]
[EventDate "2020.12.29"]

1. e4 {[%emt 0:00:03] Restarted B (13.22e) Restarted W (13.22e) OK OK} e5 {
[%emt 0:00:05]} 2. Nf3 {[%emt 0:00:03]} Nc6 {[%emt 0:00:04]} 3. Bc4 {[%emt 0:
00:02]} Bc5 {[%emt 0:00:30]} 4. O-O {[%emt 0:00:07]} d6 {[%emt 0:00:07]} 5. h3
{[%emt 0:00:02]} Bd7 {[%emt 0:00:08]} 6. Nc3 {[%emt 0:00:10]} Nf6 {[%emt 0:00:
18]} 7. d3 {[%emt 0:00:05]} O-O {[%emt 0:00:05]} 8. Bg5 {[%emt 0:00:03]} a6 {
[%emt 0:00:20]} 9. Nd5 {[%emt 0:00:05]} h6 {[%emt 0:01:04]} 10. Nxf6+ {[%emt 0:
00:06]} Kh8 {[%emt 0:00:06]} 11. Nxd7 {[%emt 0:00:13]} Qxd7 {[%emt 0:00:02]}
12. Bd2 {[%emt 0:00:11]} Nd4 {[%emt 0:00:28]} 13. Nxd4 {[%emt 0:00:15]} Bxd4 {
[%emt 0:00:05]} 14. c3 {[%emt 0:00:22]} Bc5 {[%emt 0:00:21]} 15. Qf3 {[%emt 0:
00:27] Garchin2-003 offers a draw} b5 {[%emt 0:00:30]} 16. Bd5 {[%emt 0:00:14]}
c6 {[%emt 0:00:09]} 17. Bb3 {[%emt 0:00:04]} a5 {[%emt 0:00:29]} 18. d4 { [%emt
0:00:46]} a4 {[%emt 0:00:22]} 19. dxc5 {[%emt 0:00:11]} axb3 {[%emt 0:00: 32]}
20. cxd6 {[%emt 0:00:21]} Qxd6 {[%emt 0:00:06]} 21. Qe3 {[%emt 0:01:05]} bxa2
{[%emt 0:00:08]} 22. b4 {[%emt 0:00:35]} Rfd8 {[%emt 0:00:26]} 23. Bc1 { [%emt
0:00:41]} Qd3 {[%emt 0:00:40]} 24. Re1 {[%emt 0:00:34]} Qxe3 {[%emt 0:00: 15]}
25. Bxe3 {[%emt 0:00:08]} Rd3 {[%emt 0:00:19]} 26. Rec1 {[%emt 0:00:11]} Ra3
{[%emt 0:00:35]} 27. Bc5 {[%emt 0:00:32]} Rdxc3 {[%emt 0:00:10]} 28. Rxc3 {
[%emt 0:00:04]} Rxc3 {[%emt 0:00:03]} 29. Rxa2 {[%emt 0:00:01]} Rc1+ {[%emt 0:
00:02]} 30. Kh2 {[%emt 0:00:03]} Re1 {[%emt 0:00:02]} 31. f3 {[%emt 0:00:03]}
g5 {[%emt 0:00:09]} 32. Ra7 {[%emt 0:00:04]} h5 {[%emt 0:00:49]} 33. Rxf7 {
[%emt 0:00:12]} h4 {[%emt 0:00:02]} 34. Rf6 {[%emt 0:00:04]} g4 {[%emt 0:00:10]
} 35. hxg4 {[%emt 0:00:06]} Kg7 {[%emt 0:00:16]} 36. Rxc6 {[%emt 0:00:03]} Kf7
{[%emt 0:00:03]} 37. Rb6 {[%emt 0:00:05]} Ke8 {[%emt 0:00:01]} 38. Rxb5 { [%emt
0:00:02]} Kd7 {[%emt 0:00:01]} 39. Bf8 {[%emt 0:00:06]} Kc6 {[%emt 0:00: 02]}
40. Rxe5 {[%emt 0:00:03]} Kb6 {[%emt 0:00:06]} 41. Be7 {[%emt 0:00:03]} Kc6
{[%emt 0:00:03]} 42. Bxh4 {[%emt 0:00:02]} Kd6 {[%emt 0:00:02]} 43. Bxe1 {
[%emt 0:00:03]} Kxe5 {[%emt 0:00:02]} 44. b5 {[%emt 0:00:03]} Kd6 {[%emt 0:00:
01]} 45. g5 {[%emt 0:00:02]} Kc5 {[%emt 0:00:03]} 46. g6 {[%emt 0:00:02]} Kxb5
{[%emt 0:00:04]} 47. g7 {[%emt 0:00:00]} Kc4 {[%emt 0:00:04]} 48. g8=Q+ { [%emt
0:00:00]} Kd3 {[%emt 0:00:02]} 49. Qd5+ {[%emt 0:00:02]} Ke3 {[%emt 0:00: 02]}
50. Qc5+ {[%emt 0:00:04]} Ke2 {[%emt 0:00:04]} 51. Qf2+ {[%emt 0:00:03]} Kd1
{[%emt 0:00:02]} 52. Qd2# {[%emt 0:00:02]} 1-0

[Event "DSJ Weihnachtsturnier U20w 2020"]
[Site "https://play.chessbase.com/en/play?room=DSJWeihnachtU20w"]
[Date "2020.12.29"]
[Round "3"]
[White "Desabhatla, Sahasra"]
[Black "Hoffmann, Sophia"]
[Result "0-1"]
[Termination "normal"]
[Board "9.4"]
[WhiteElo "705"]
[BlackElo "1266"]
[WhiteTeam "SC Garching 1980 2"]
[BlackTeam "Karlsruher SF 1853"]
[PlyCount "46"]
[BlackFideId "16259130"]
[EventRounds "7"]
[EventType "team-swiss"]
[EventDate "2020.12.29"]

1. e4 {[%emt 0:00:08] Restarted B (13.22e) Restarted W (13.22e) OK OK} e5 {
[%emt 0:00:05]} 2. Nf3 {[%emt 0:00:07]} Nc6 {[%emt 0:00:03]} 3. Nc3 {[%emt 0:
00:03]} Bc5 {[%emt 0:00:04]} 4. Bc4 {[%emt 0:00:06]} d6 {[%emt 0:00:04]} 5. d3
{[%emt 0:00:03]} Nf6 {[%emt 0:00:03]} 6. O-O {[%emt 0:00:04]} Bg4 {[%emt 0:00:
04]} 7. h3 {[%emt 0:00:10]} Bh5 {[%emt 0:00:09]} 8. a3 {[%emt 0:00:05]} Nd4 {
[%emt 0:00:19]} 9. Be3 {[%emt 0:00:37]} Bxf3 {[%emt 0:00:18]} 10. Qe1 {[%emt 0:
00:39]} Bh5 {[%emt 0:00:50]} 11. Bxd4 {[%emt 0:00:09]} exd4 {[%emt 0:00:08]}
12. Nd5 {[%emt 0:00:03]} O-O {[%emt 0:00:08]} 13. Nxf6+ {[%emt 0:00:09]} Qxf6 {
[%emt 0:00:03]} 14. e5 {[%emt 0:00:07]} dxe5 {[%emt 0:00:03]} 15. Qe4 {[%emt 0:
00:36]} c6 {[%emt 0:00:29]} 16. c3 {[%emt 0:00:30]} Rfe8 {[%emt 0:00:35]} 17.
cxd4 {[%emt 0:00:12]} exd4 {[%emt 0:00:02]} 18. Be6 {[%emt 0:01:27]} Rxe6 {
[%emt 0:00:12]} 19. Qe1 {[%emt 0:00:54]} Rxe1 {[%emt 0:00:03]} 20. Raxe1 {
[%emt 0:00:03]} h6 {[%emt 0:00:08]} 21. b4 {[%emt 0:00:09]} Bd6 {[%emt 0:00:05]
} 22. Kh1 {[%emt 0:00:17] Garchin2-004 offers a draw} Qf4 {[%emt 0:00:07]} 23.
Rg1 {[%emt 0:00:25]} Qh2# {[%emt 0:00:06]} 0-1

[Event "DSJ Weihnachtsturnier U20w 2020"]
[Site "https://play.chessbase.com/en/play?room=DSJWeihnachtU20w"]
[Date "2020.12.29"]
[Round "3"]
[White "Pohle, Saskia"]
[Black "Reich, Elisabeth"]
[Result "1-0"]
[Termination "normal"]
[Board "10.1"]
[WhiteElo "1815"]
[BlackElo "1191"]
[WhiteTeam "Schachzwerge Magdeburg"]
[BlackTeam "ATSV Oberkotzau"]
[PlyCount "107"]
[WhiteFideId "16201604"]
[BlackFideId "16239776"]
[EventRounds "7"]
[EventType "team-swiss"]
[EventDate "2020.12.29"]

1. e4 {[%emt 0:00:02]} c5 {[%emt 0:00:04]} 2. Nf3 {[%emt 0:00:02]} Nc6 { [%emt
0:00:03]} 3. d4 {[%emt 0:00:01]} cxd4 {[%emt 0:00:02]} 4. Nxd4 {[%emt 0:
00:01]} Nf6 {[%emt 0:00:01]} 5. Nc3 {[%emt 0:00:02]} e6 {[%emt 0:00:02]} 6. Bg5
{[%emt 0:00:05]} Bb4 {[%emt 0:00:03]} 7. Nxc6 {[%emt 0:00:32]} bxc6 {[%emt 0:
00:07]} 8. e5 {[%emt 0:00:02]} h6 {[%emt 0:00:02]} 9. Bd2 {[%emt 0:00:14]} Nd5
{[%emt 0:00:07]} 10. Ne4 {[%emt 0:00:11]} Bxd2+ {[%emt 0:00:04]} 11. Qxd2 {
[%emt 0:00:03]} O-O {[%emt 0:00:02]} 12. Bd3 {[%emt 0:00:21]} Rb8 {[%emt 0:00:
11]} 13. c3 {[%emt 0:00:12]} Qb6 {[%emt 0:00:12]} 14. b3 {[%emt 0:00:28]} Qd8 {
[%emt 0:00:19]} 15. O-O {[%emt 0:00:02]} f6 {[%emt 0:00:15]} 16. c4 {[%emt 0:
00:41]} f5 {[%emt 0:00:33]} 17. Nd6 {[%emt 0:00:06]} Nb4 {[%emt 0:00:09]} 18.
Be2 {[%emt 0:00:14]} Na6 {[%emt 0:00:12]} 19. Rad1 {[%emt 0:00:26]} Nc7 { [%emt
0:00:04]} 20. Nxc8 {[%emt 0:00:12]} Qxc8 {[%emt 0:00:13]} 21. Qxd7 { [%emt
0:00:02]} Qxd7 {[%emt 0:00:03]} 22. Rxd7 {[%emt 0:00:00]} Rbc8 {[%emt 0:
00:06]} 23. Bf3 {[%emt 0:00:07]} Rf7 {[%emt 0:00:07]} 24. Rd6 {[%emt 0:00:15]}
Na6 {[%emt 0:00:04]} 25. Rxe6 {[%emt 0:00:13]} Nb4 {[%emt 0:00:06]} 26. a3 {
[%emt 0:00:06]} Nd3 {[%emt 0:00:22]} 27. Rxc6 {[%emt 0:00:04]} Rxc6 {[%emt 0:
00:07]} 28. Bxc6 {[%emt 0:00:00]} Rc7 {[%emt 0:00:02]} 29. Bd5+ {[%emt 0:00:04]
} Kh8 {[%emt 0:00:02]} 30. f4 {[%emt 0:00:18]} Nc5 {[%emt 0:00:09]} 31. b4 {
[%emt 0:00:04]} Nb7 {[%emt 0:00:11]} 32. Re1 {[%emt 0:00:16]} Nd8 {[%emt 0:00:
12]} 33. c5 {[%emt 0:00:20]} Nc6 {[%emt 0:00:05]} 34. Bxc6 {[%emt 0:00:07]}
Rxc6 {[%emt 0:00:03]} 35. e6 {[%emt 0:00:01]} Rc8 {[%emt 0:00:02]} 36. e7 {
[%emt 0:00:01]} Re8 {[%emt 0:00:02]} 37. c6 {[%emt 0:00:01]} Kh7 {[%emt 0:00:
02]} 38. c7 {[%emt 0:00:01]} Kg6 {[%emt 0:00:06]} 39. c8=Q {[%emt 0:00:02]}
Rxc8 {[%emt 0:00:02]} 40. e8=Q+ {[%emt 0:00:01]} Rxe8 {[%emt 0:00:01]} 41. Rxe8
{[%emt 0:00:01]} Kf6 {[%emt 0:00:01]} 42. Re5 {[%emt 0:00:05]} g5 {[%emt 0:00:
03]} 43. g3 {[%emt 0:00:01]} gxf4 {[%emt 0:00:02]} 44. gxf4 {[%emt 0:00:02]} h5
{[%emt 0:00:01]} 45. Ra5 {[%emt 0:00:01]} h4 {[%emt 0:00:01]} 46. Rxa7 { [%emt
0:00:01]} h3 {[%emt 0:00:00]} 47. b5 {[%emt 0:00:01]} Ke6 {[%emt 0:00:02] } 48.
b6 {[%emt 0:00:01]} Kd5 {[%emt 0:00:02]} 49. b7 {[%emt 0:00:00]} Ke4 { [%emt
0:00:00]} 50. b8=Q {[%emt 0:00:01]} Kf3 {[%emt 0:00:02]} 51. Qe5 { [%emt
0:00:05]} Kg4 {[%emt 0:00:03]} 52. Rg7+ {[%emt 0:00:00]} Kh4 {[%emt 0:00: 15]}
53. Qf6+ {[%emt 0:00:02]} Kh5 {[%emt 0:00:03]} 54. Qg5# {[%emt 0:00:00] (Lag:
Av=0.37s, max=1.5s)} 1-0

[Event "DSJ Weihnachtsturnier U20w 2020"]
[Site "https://play.chessbase.com/en/play?room=DSJWeihnachtU20w"]
[Date "2020.12.29"]
[Round "3"]
[White "Hergenröder, Cora"]
[Black "Hoffmann, Svenja"]
[Result "1-0"]
[Termination "normal"]
[Board "10.2"]
[WhiteElo "1489"]
[BlackElo "1307"]
[WhiteTeam "ATSV Oberkotzau"]
[BlackTeam "Schachzwerge Magdeburg"]
[PlyCount "67"]
[WhiteFideId "34603700"]
[BlackFideId "16287312"]
[EventRounds "7"]
[EventType "team-swiss"]
[EventDate "2020.12.29"]

1. d4 {[%emt 0:01:38]} d5 {[%emt 0:00:21]} 2. c4 {[%emt 0:00:03] Magdebg1-002
reconnected.} dxc4 {[%emt 0:00:13]} 3. e4 {[%emt 0:00:03]} Nc6 {[%emt 0:00:12]}
4. Nf3 {[%emt 0:00:21]} e5 {[%emt 0:00:06]} 5. d5 {[%emt 0:00:17]} Bb4+ { [%emt
0:00:15]} 6. Bd2 {[%emt 0:00:14]} Bxd2+ {[%emt 0:00:05]} 7. Qxd2 { [%emt
0:00:22]} Nd4 {[%emt 0:00:45]} 8. Nxd4 {[%emt 0:00:08]} exd4 {[%emt 0:00: 03]}
9. Qxd4 {[%emt 0:00:07]} Nf6 {[%emt 0:00:23]} 10. Bxc4 {[%emt 0:00:16]} Bd7
{[%emt 0:00:40]} 11. Nc3 {[%emt 0:00:25]} O-O {[%emt 0:00:15]} 12. O-O { [%emt
0:00:08]} c6 {[%emt 0:00:05]} 13. Rad1 {[%emt 0:00:08]} cxd5 {[%emt 0:00: 20]}
14. Nxd5 {[%emt 0:00:19]} Nxd5 {[%emt 0:00:18]} 15. Bxd5 {[%emt 0:00:06]} Bc6
{[%emt 0:00:12]} 16. Rfe1 {[%emt 0:00:20]} Bxd5 {[%emt 0:00:18]} 17. exd5 {
[%emt 0:00:22]} Qa5 {[%emt 0:00:25]} 18. Re3 {[%emt 0:00:24]} Rad8 {[%emt 0:00:
15]} 19. Rg3 {[%emt 0:00:09]} g6 {[%emt 0:00:10]} 20. a3 {[%emt 0:00:42]} Rd7 {
[%emt 0:00:11]} 21. b4 {[%emt 0:00:23]} Qa4 {[%emt 0:00:11]} 22. h4 {[%emt 0:
00:21]} Rfd8 {[%emt 0:00:20]} 23. Qf6 {[%emt 0:01:04]} Qxd1+ {[%emt 0:00:19]}
24. Kh2 {[%emt 0:00:05]} Rxd5 {[%emt 0:00:19]} 25. Qe7 {[%emt 0:00:12]} Qh5 {
[%emt 0:00:18]} 26. f3 {[%emt 0:00:20]} Qxh4+ {[%emt 0:00:05]} 27. Qxh4 { [%emt
0:00:04]} Rh5 {[%emt 0:00:03]} 28. Qxh5 {[%emt 0:00:12]} Kh8 {[%emt 0:00: 15]}
29. Qh4 {[%emt 0:00:08]} Re8 {[%emt 0:00:15]} 30. Rh3 {[%emt 0:00:05]} Kg8
{[%emt 0:00:03]} 31. Qxh7+ {[%emt 0:00:04]} Kf8 {[%emt 0:00:01]} 32. Qh4 {
[%emt 0:00:09]} b6 {[%emt 0:00:25]} 33. Qf6 {[%emt 0:00:04]} Re6 {[%emt 0:00:
06]} 34. Rh8# {[%emt 0:00:03]} 1-0

[Event "DSJ Weihnachtsturnier U20w 2020"]
[Site "https://play.chessbase.com/en/play?room=DSJWeihnachtU20w"]
[Date "2020.12.29"]
[Round "3"]
[White "Rössling, Laura Marie"]
[Black "Köppel, Clementine"]
[Result "1-0"]
[Termination "normal"]
[Board "10.3"]
[WhiteElo "991"]
[BlackElo "1244"]
[WhiteTeam "Schachzwerge Magdeburg"]
[BlackTeam "ATSV Oberkotzau"]
[PlyCount "131"]
[WhiteFideId "16289471"]
[BlackFideId "34605819"]
[EventRounds "7"]
[EventType "team-swiss"]
[EventDate "2020.12.29"]

1. e4 {[%emt 0:00:06] ATSVOber1003 reconnected.} e5 {[%emt 0:00:28]} 2. Nf3
{[%emt 0:00:04]} Nf6 {[%emt 0:00:04]} 3. Nxe5 {[%emt 0: 00:05]} d6 {[%emt
0:00:05]} 4. Nf3 {[%emt 0:00:08]} Nxe4 {[%emt 0:00:04]} 5. d3 {[%emt 0:00:18]}
Nf6 {[%emt 0:00:08]} 6. d4 {[%emt 0:00:16]} Nc6 {[%emt 0:00: 06]} 7. Bc4 {[%emt
0:00:22]} d5 {[%emt 0:00:06]} 8. Bb5 {[%emt 0:00:08]} Bd7 { [%emt 0:00:08]} 9.
O-O {[%emt 0:00:08]} a6 {[%emt 0:00:25]} 10. Bxc6 {[%emt 0: 00:15]} Bxc6 {[%emt
0:00:08]} 11. Re1+ {[%emt 0:00:17]} Be7 {[%emt 0:00:15]} 12. Bg5 {[%emt
0:00:20]} O-O {[%emt 0:00:09]} 13. Ne5 {[%emt 0:00:38]} Bd6 { [%emt 0:00:46]}
14. Nxc6 {[%emt 0:00:23]} bxc6 {[%emt 0:00:07]} 15. Qf3 { [%emt 0:00:15]} Be7
{[%emt 0:00:38]} 16. Qg3 {[%emt 0:00:36]} Qd6 {[%emt 0:00: 23]} 17. Re5 {[%emt
0:00:23]} c5 {[%emt 0:00:31]} 18. Bh6 {[%emt 0:00:44]} Nh5 {[%emt 0:00:51]} 19.
Rxh5 {[%emt 0:00:10]} Qg6 {[%emt 0:00:05]} 20. dxc5 { [%emt 0:00:25]} Qxg3
{[%emt 0:00:16]} 21. hxg3 {[%emt 0:00:10]} gxh6 {[%emt 0: 00:04]} 22. Rxd5
{[%emt 0:00:10]} Bf6 {[%emt 0:00:07]} 23. Nc3 {[%emt 0:00:10]} Rad8 {[%emt
0:00:16]} 24. Rh5 {[%emt 0:00:18]} Bxc3 {[%emt 0:00:21]} 25. bxc3 { [%emt
0:00:03]} Rd2 {[%emt 0:00:18]} 26. Rxh6 {[%emt 0:00:11]} Rxc2 {[%emt 0: 00:02]}
27. Rxa6 {[%emt 0:00:06]} Rxc3 {[%emt 0:00:04]} 28. Rc6 {[%emt 0:00:04] } Re8
{[%emt 0:00:10]} 29. a4 {[%emt 0:00:11]} Re5 {[%emt 0:00:11]} 30. a5 { [%emt
0:00:12] ATSVOber1003 kibitzing!?} Rexc5 {[%emt 0:00:16]} 31. Rxc5 { [%emt
0:00:03]} Rxc5 {[%emt 0:00:04]} 32. a6 {[%emt 0:00:02]} Rd5 {[%emt 0:00: 02]}
33. a7 {[%emt 0:00:02]} Rd8 {[%emt 0:00:21] ATSVOber1003 kibitzing!?} 34. a8=Q
{[%emt 0:00:04]} Rxa8 {[%emt 0:00:01]} 35. Rxa8+ {[%emt 0:00:02]} Kg7 { [%emt
0:00:00] ATSVOber1003 kibitzing!?} 36. Ra7 {[%emt 0:00:06]} c6 {[%emt 0:
00:03]} 37. Rc7 {[%emt 0:00:07] ATSVOber1003 kibitzing!?} Kg6 {[%emt 0:00:06]
ATSVOber1003 kibitzing!?} 38. Rxc6+ {[%emt 0:00:04] ATSVOber1003 kibitzing!?}
f6 {[%emt 0:00:05] ATSVOber1003 kibitzing!?} 39. f4 {[%emt 0:00:10]
ATSVOber1003 kibitzing!?} h5 {[%emt 0:00:04] ATSVOber1003 kibitzing!?} 40. Rc5
{[%emt 0:00:18] ATSVOber1003 kibitzing!?} Kh6 {[%emt 0:00:15] ATSVOber1003
kibitzing!?} 41. Rf5 {[%emt 0:00:11]} Kg6 {[%emt 0:00:03]} 42. Rd5 {[%emt 0:00:
13] ATSVOber1003 kibitzing!?} Kh6 {[%emt 0:00:05] ATSVOber1003 kibitzing!?} 43.
g4 {[%emt 0:00:14] ATSVOber1003 kibitzing!?} hxg4 {[%emt 0:00:10]} 44. Kf2 {
[%emt 0:00:03]} Kg6 {[%emt 0:00:04] ATSVOber1003 kibitzing!?} 45. Kg3 {[%emt 0:
00:12] ATSVOber1003 kibitzing!?} f5 {[%emt 0:00:06] ATSVOber1003 kibitzing!?}
46. Kh4 {[%emt 0:00:04] ATSVOber1003 kibitzing!?} Kf6 {[%emt 0:00:04]
ATSVOber1003 kibitzing!?} 47. Kh5 {[%emt 0:00:08]} Ke6 {[%emt 0:00:02]} 48.
Re5+ {[%emt 0:00:05]} Kf6 {[%emt 0:00:02] ATSVOber1003 kibitzing!?} 49. Kh6 {
[%emt 0:00:05] ATSVOber1003 kibitzing!?} g3 {[%emt 0:00:07]} 50. Kh5 {[%emt 0:
00:04] ATSVOber1003 kibitzing!?} Kg7 {[%emt 0:00:05]} 51. Kg5 {[%emt 0:00:02]}
Kf7 {[%emt 0:00:03] ATSVOber1003 kibitzing!?} 52. Rxf5+ {[%emt 0:00:06]} Ke6 {
[%emt 0:00:02]} 53. Re5+ {[%emt 0:00:04] ATSVOber1003 kibitzing!?} Kd6 { [%emt
0:00:04] ATSVOber1003 kibitzing!?} 54. f5 {[%emt 0:00:06]} Kxe5 {[%emt 0:
00:03]} 55. f6 {[%emt 0:00:03]} Ke6 {[%emt 0:00:02]} 56. Kg6 {[%emt 0:00:03]
ATSVOber1003 kibitzing!?} Kd7 {[%emt 0:00:24]} 57. f7 {[%emt 0:00:04]
ATSVOber1003 kibitzing!?} Ke7 {[%emt 0:00:05]} 58. Kg7 {[%emt 0:00:03]} Ke6 {
[%emt 0:00:10]} 59. f8=Q {[%emt 0:00:04]} Ke5 {[%emt 0:00:02]} 60. Qf6+ { [%emt
0:00:06]} Ke4 {[%emt 0:00:01]} 61. Qf3+ {[%emt 0:00:08] ATSVOber1003
kibitzing!?} Ke5 {[%emt 0:00:13]} 62. Qxg3+ {[%emt 0:00:03] ATSVOber1003
kibitzing!?} Ke6 {[%emt 0:00:09]} 63. Qe3+ {[%emt 0:00:03]} Kf5 {[%emt 0:00:00]
} 64. g3 {[%emt 0:00:04] ATSVOber1003 kibitzing!?} Kg4 {[%emt 0:00:09]
ATSVOber1003 kibitzing!?} 65. Qf4+ {[%emt 0:00:06] ATSVOber1003 kibitzing!?}
Kh5 {[%emt 0:00:04] ATSVOber1003 kibitzing!?} 66. Qf5# {[%emt 0:00:06]

[Event "DSJ Weihnachtsturnier U20w 2020"]
[Site "https://play.chessbase.com/en/play?room=DSJWeihnachtU20w"]
[Date "2020.12.29"]
[Round "3"]
[White "Leuchsenring, Delia"]
[Black "Nönnig, Lotte"]
[Result "1-0"]
[Termination "normal"]
[Board "10.4"]
[WhiteElo "1061"]
[BlackElo "768"]
[WhiteTeam "ATSV Oberkotzau"]
[BlackTeam "Schachzwerge Magdeburg"]
[PlyCount "105"]
[WhiteFideId "34605304"]
[BlackFideId "34611509"]
[EventRounds "7"]
[EventType "team-swiss"]
[EventDate "2020.12.29"]

1. e4 {[%emt 0:00:30]} e5 {[%emt 0:00:02]} 2. Nf3 {[%emt 0:00:04]} Nc6 { [%emt
0:00:02]} 3. d4 {[%emt 0:00:04]} exd4 {[%emt 0:00:06]} 4. Nxd4 {[%emt 0:
00:02]} Nxd4 {[%emt 0:00:02]} 5. Qxd4 {[%emt 0:00:00]} Nf6 {[%emt 0:00:08]} 6.
Nc3 {[%emt 0:00:04]} c5 {[%emt 0:00:02]} 7. Qe3 {[%emt 0:00:13]} Ng4 {[%emt 0:
00:05]} 8. Qf3 {[%emt 0:00:18]} d6 {[%emt 0:00:07]} 9. Bc4 {[%emt 0:00:09]} Be7
{[%emt 0:00:03]} 10. Qxf7+ {[%emt 0:00:06]} Kd7 {[%emt 0:00:07]} 11. Bb5+ {
[%emt 0:00:07]} Kc7 {[%emt 0:00:02]} 12. Nd5+ {[%emt 0:00:07]} Kb8 {[%emt 0:00:
06]} 13. O-O {[%emt 0:00:20]} Nxf2 {[%emt 0:00:06]} 14. Rxf2 {[%emt 0:00:08]}
Rf8 {[%emt 0:00:04]} 15. Qxg7 {[%emt 0:00:05]} Rxf2 {[%emt 0:00:07]} 16. Kxf2 {
[%emt 0:00:03]} Bh4+ {[%emt 0:00:09]} 17. g3 {[%emt 0:00:06]} Bg5 {[%emt 0:00:
09]} 18. Bxg5 {[%emt 0:00:05]} Qa5 {[%emt 0:00:08]} 19. Qxh7 {[%emt 0:00:30]}
Bg4 {[%emt 0:00:18]} 20. Qg8+ {[%emt 0:00:42]} Bc8 {[%emt 0:00:26]} 21. Bd7 {
[%emt 0:00:04]} a6 {[%emt 0:01:03]} 22. Qxc8+ {[%emt 0:00:05]} Ka7 {[%emt 0:00:
05]} 23. Qc7 {[%emt 0:00:17]} Qxc7 {[%emt 0:00:19]} 24. Nxc7 {[%emt 0:00:00]}
Rf8+ {[%emt 0:00:09]} 25. Ke3 {[%emt 0:00:12]} Rg8 {[%emt 0:00:12]} 26. Bf4 {
[%emt 0:00:03]} Rh8 {[%emt 0:00:04]} 27. h4 {[%emt 0:00:03]} d5 {[%emt 0:00:12]
} 28. Nxd5 {[%emt 0:00:05]} c4 {[%emt 0:00:04]} 29. Be5 {[%emt 0:00:05]} Rd8 {
[%emt 0:00:05]} 30. Bd4+ {[%emt 0:00:05]} Ka8 {[%emt 0:00:09]} 31. Nc7+ { [%emt
0:00:06]} Kb8 {[%emt 0:00:03]} 32. Nxa6+ {[%emt 0:00:08]} Ka8 {[%emt 0: 00:03]}
33. Nc7+ {[%emt 0:00:13]} Kb8 {[%emt 0:00:03]} 34. Ne6 {[%emt 0:00:07]} Rxd7
{[%emt 0:00:04]} 35. Rf1 {[%emt 0:00:08]} Rd8 {[%emt 0:00:08]} 36. Nxd8 { [%emt
0:00:04]} Kc7 {[%emt 0:00:02]} 37. Ne6+ {[%emt 0:00:02]} Kd6 {[%emt 0:00: 03]}
38. Nc5 {[%emt 0:00:05]} b6 {[%emt 0:00:02]} 39. Rf6+ {[%emt 0:00:04]} Ke7
{[%emt 0:00:03]} 40. Nb7 {[%emt 0:00:09]} c3 {[%emt 0:00:00]} 41. bxc3 { [%emt
0:00:03]} b5 {[%emt 0:00:01]} 42. Rh6 {[%emt 0:00:04]} b4 {[%emt 0:00:00] } 43.
Kf4 {[%emt 0:00:10]} b3 {[%emt 0:00:04]} 44. cxb3 {[%emt 0:00:05]} Kf7 { [%emt
0:00:05]} 45. Kg5 {[%emt 0:00:03]} Ke7 {[%emt 0:00:03]} 46. Kf5 {[%emt 0:
00:04]} Kd7 {[%emt 0:00:01]} 47. Ke5 {[%emt 0:00:01]} Kc7 {[%emt 0:00:00]} 48.
Kd5 {[%emt 0:00:01]} Kxb7 {[%emt 0:00:00]} 49. Kc5 {[%emt 0:00:01]} Ka7 { [%emt
0:00:01]} 50. Kb5+ {[%emt 0:00:01]} Kb7 {[%emt 0:00:00]} 51. Rh7+ { [%emt
0:00:01]} Kb8 {[%emt 0:00:02]} 52. Kc6 {[%emt 0:00:01]} Kc8 {[%emt 0:00: 00]}
53. Rh8# {[%emt 0:00:02]} 1-0

[Event "DSJ Weihnachtsturnier U20w 2020"]
[Site "https://play.chessbase.com/en/play?room=DSJWeihnachtU20w"]
[Date "2020.12.29"]
[Round "3"]
[White "Gubler, Katharina"]
[Black "Schilay, Maria"]
[Result "1-0"]
[Termination "normal"]
[Board "11.1"]
[WhiteElo "1330"]
[BlackElo "1448"]
[WhiteTeam "SK Kelheim 1920"]
[BlackTeam "Schach-Club Vaterstetten-Grasbrunn"]
[PlyCount "63"]
[WhiteFideId "16282990"]
[BlackFideId "12942979"]
[EventRounds "7"]
[EventType "team-swiss"]
[EventDate "2020.12.29"]

1. e4 {[%emt 0:00:04]} e5 {[%emt 0:00:04]} 2. Nf3 {[%emt 0:00:03]} Nc6 { [%emt
0:00:03]} 3. Bc4 {[%emt 0:00:05]} Nf6 {[%emt 0:00:03]} 4. d3 {[%emt 0:00: 04]}
Bc5 {[%emt 0:00:04]} 5. Nc3 {[%emt 0:00:03]} d6 {[%emt 0:00:02]} 6. a3 { [%emt
0:00:02]} Bg4 {[%emt 0:00:05]} 7. h3 {[%emt 0:00:03]} Be6 {[%emt 0:00:02] } 8.
Nd5 {[%emt 0:00:05]} Na5 {[%emt 0:00:15]} 9. Ba2 {[%emt 0:00:03]} c6 { [%emt
0:00:10]} 10. Nxf6+ {[%emt 0:00:05]} Qxf6 {[%emt 0:00:16]} 11. b4 { [%emt
0:00:08]} Bb6 {[%emt 0:00:16]} 12. bxa5 {[%emt 0:00:08]} Bxa5+ {[%emt 0:
00:01]} 13. Bd2 {[%emt 0:00:01]} Bb6 {[%emt 0:00:08]} 14. Bg5 {[%emt 0:00:14]}
Qg6 {[%emt 0:00:06]} 15. Bxe6 {[%emt 0:00:50]} fxe6 {[%emt 0:00:14]} 16. O-O {
[%emt 0:00:10]} O-O {[%emt 0:00:09]} 17. Qe2 {[%emt 0:00:23]} Rf7 {[%emt 0:00:
07]} 18. Kh1 {[%emt 0:00:24]} Raf8 {[%emt 0:00:06]} 19. Rad1 {[%emt 0:00:18]}
d5 {[%emt 0:00:13]} 20. Be3 {[%emt 0:00:45]} Bc7 {[%emt 0:01:19]} 21. Rb1 {
[%emt 0:00:29]} dxe4 {[%emt 0:00:22]} 22. dxe4 {[%emt 0:00:13]} Qxe4 {[%emt 0:
00:09]} 23. Ng5 {[%emt 0:00:13]} Qh4 {[%emt 0:01:58]} 24. Nxf7 {[%emt 0:00:13]}
Rxf7 {[%emt 0:00:02]} 25. Rxb7 {[%emt 0:00:16]} h6 {[%emt 0:00:39]} 26. Rxa7 {
[%emt 0:00:12]} e4 {[%emt 0:00:17]} 27. Ra8+ {[%emt 0:00:18]} Kh7 {[%emt 0:00:
03]} 28. Qg4 {[%emt 0:00:19]} Qf6 {[%emt 0:00:26]} 29. Qxe4+ {[%emt 0:00:18]}
g6 {[%emt 0:00:23]} 30. Kg1 {[%emt 0:00:21]} Rd7 {[%emt 0:00:17]} 31. Ra7 {
[%emt 0:00:43]} Bh2+ {[%emt 0:00:07]} 32. Kxh2 {[%emt 0:00:12]} 1-0